| 000 | 01276nam a22002177a 4500 | ||
|---|---|---|---|
| 999 |
_c58010 _d58010 |
||
| 003 | Ge_BSU | ||
| 005 | 20210422133018.0 | ||
| 008 | 210422s1974 ge ||||| |||| 00| 0 geo d | ||
| 041 | _ageo | ||
| 080 | _a595.7(075.8)+632.7 ბ-17 | ||
| 100 |
_aბათიაშვილი, ირ. _911544 |
||
| 245 |
_aენტომოლოგია : _b(სპეციალური ნაწილი) სახელმძღვ. სასოფლო სამეურნეო ინ-ტის მცენარეთა დაცვის და სუბტროპუკული მეურნეობის სტუდენტებისათვის / _cირ. ბათიაშვილი, ბ.დეკანოიძე, [რედ. მ.სულაბერიძე] |
||
| 264 |
_aთბილისი : _bგანათლება, _c1974. |
||
| 300 |
_a517 გვ.: _c22სმ. |
||
| 504 | _a ბიბლიოგრ.გვ: 506, ალფაგენტური საძ. გვ.491-505 | ||
| 653 | _aენტიმოლოგია | ||
| 653 | _aმცენარეთა დაცვა | ||
| 700 |
_aდეკანოიძე,გ _911545 |
||
| 700 |
_aსულაძე, მ _eრედაქტორი _93155 |
||
| 942 |
_2udc _cBK |
||